00385nam a22001457a 4500003000900000005001700009008004100026040002300067082001400090100002000104245002600124260004700150300002200197651002000219BDDh-ASL20231015030119.0210224s1872 ii ||||| |||| 00| 0 eng d aBDDh-ASLcBDDh-ASL a954bLEH 1 aLethbridge, E. 10aA History of India /  aCalcutta:bThacker Spink and Co., c1872.  a249 p. :c18 cm.  0aIndiaxHistory